Sports Quiz

Random Sports or Soccer Quiz

Top NHL Goal Scoring Trios by Year Quiz Stats

 Plays Quiz not verified by Sporcle

Score 0/93 Timer 15:00
0 Plays Today
Hint Answer % Correct
1992-93Mario Lemieux
100%
1995-96Mario Lemieux
100%
1995-96Jaromir Jagr
100%
1996-97Mario Lemieux
100%
1996-97Jaromir Jagr
100%
1998-99Teemu Selanne
100%
2000-01Jaromir Jagr
100%
2000-01Mario Lemieux
100%
2010-11Teemu Selanne
100%
1991-92Mario Lemieux
100%
1988-89Wayne Gretzky
100%
1986-87Jari Kurri
100%
1986-87Wayne Gretzky
100%
1985-86Wayne Gretzky
100%
1985-86Jari Kurri
100%
1984-85Wayne Gretzky
100%
1984-85Jari Kurri
100%
1986-87Mark Messier
97.8%
1994-95Eric Lindros
96.7%
1997-98Eric Lindros
96.7%
2009-10Alex Ovechkin
96.7%
2010-11Corey Perry
96.7%
2011-12Evgeni Malkin
96.7%
2012-13Alex Ovechkin
96.7%
2013-14Alex Ovechkin
96.7%
2008-09Alex Ovechkin
96.7%
1998-99Paul Kariya
95.6%
1999-00Pavel Bure
95.6%
2003-04Martin St. Louis
95.6%
2006-07Martin St. Louis
95.6%
2014-15Steven Stamkos
95.6%
Hint Answer % Correct
1993-94Sergei Fedorov
94.5%
2007-08Dany Heatley
94.5%
2003-04Vincent Lecavalier
93.4%
2006-07Vincent Lecavalier
93.4%
2007-08Daniel Alfredsson
93.4%
2009-10Nicklas Backstrom
93.4%
2003-04Daniel Alfredsson
93.4%
1990-91Brett Hull
93.4%
1989-90Brett Hull
93.4%
2005-06Ilya Kovalchuk
92.3%
1994-95John Leclair
91.2%
1997-98John Leclair
91.2%
2002-03Markus Naslund
91.2%
2007-08Jason Spezza
86.8%
1988-89Luc Robitaille
86.8%
1992-93Kevin Stevens
85.7%
1991-92Kevin Stevens
85.7%
1985-86Glenn Anderson
84.6%
2006-07Brad Richards
83.5%
2005-06Marian Hossa
82.4%
2003-04Marian Hossa
82.4%
1988-89Bernie Nicholls
81.3%
2002-03Todd Bertuzzi
79.1%
2009-10Alexander Semin
78%
2011-12James Neal
78%
2008-09Alexander Semin
78%
1990-91Adam Oates
78%
1994-95Mikael Renberg
74.7%
2014-15Tyler Johnson
73.6%
1987-88Joe Nieuwendyk
73.6%
2000-01Alex Kovalev
70.3%
Hint Answer % Correct
2011-12Chris Kunitz
68.1%
2008-09Mike Green
65.9%
1993-94Vyacheslav Kozlov
62.6%
2010-11Bobby Ryan
62.6%
2014-15Nikita Kucherov
62.6%
2001-02Glen Murray
62.6%
2001-02Bill Guerin
58.2%
1991-92Joe Mullen
58.2%
1987-88Hakan Loob
58.2%
1998-99Steve Rucchin
54.9%
2005-06Marc Savard
54.9%
2002-03Brendan Morrison
53.8%
1992-93Rick Tocchet
51.6%
1997-98Rod Brind'Amour
50.5%
1989-90Rod Brind'Amour
50.5%
1993-94Ray Sheppard
46.2%
1995-96Petr Nedved
42.9%
1996-97Petr Nedved
42.9%
2003-04Martin Havlat
38.5%
2003-04Freddy Modin
33%
1987-88Michael Bullard
33%
1999-00Ray Whitney
31.9%
2013-14Joel Ward
31.9%
2012-13Troy Brouwer
27.5%
2013-14Troy Brouwer
27.5%
2012-13Mike Ribeiro
23.1%
1984-85Mike Krushelnyski
23.1%
1990-91Geoff Courtnall
20.9%
2001-02Brian Rolston
19.8%
1989-90Paul MacLean
12.1%
1999-00Mark Parrish
9.9%

You're not logged in!

Compare scores with friends on all Sporcle quizzes.
Join for Free
OR
Log In

You Might Also Like...

Show Comments

Extras

Top Quizzes Today


Score Distribution

Your Account Isn't Verified!

In order to create a playlist on Sporcle, you need to verify the email address you used during registration. Go to your Sporcle Settings to finish the process.

Report this User

Report this user for behavior that violates our Community Guidelines.

Details: